000 00950cad a22002415a 4500
001 E144413
008 080717s2008 xxk f 000 0 eng d
035 _a(Sirsi) u144413
041 0 _aeng
050 0 4 _a690.241 $2 18
110 2 _aHistoric Scotland
_92914
245 0 0 _aINFORM, information for historic building owners
_bdomestic boundary walls
_h[electronic resource]
260 _aEdinburgh
_bHistoric Scotland
_c2008
300 _a[8]p.
_bill.
_c21cm.
490 0 _aInform
520 _aLooks at the characteristics of boundary walls, and problems which may occur. Offers advice on maintenance.
521 _aIntroductory
590 _aKA
651 4 _aScotland
_y1999-
690 _aBUILT ENVIRONMENT-BUILDING TYPES-ANCIENT MONUMENTS AND HISTORIC BUILDINGS
856 4 1 _uhttps://www.historic-scotland.gov.uk/publicationsresultsdetail.htm?id=496aa4537
_zView the leaflet free of charge at www.historic-scotland.gov.uk...
942 _n0
999 _c108495
_d108495